| 000 | 00965nam a2200277 a 4500 | ||
|---|---|---|---|
| 001 | 000020261 | ||
| 003 | DO-SdBNP | ||
| 005 | 20150715105911.0 | ||
| 008 | 100802s2002 dr abc 000 0 fre d | ||
| 020 | _a999348749X | ||
| 040 |
_aBPJMB _bspa _cBPJMB |
||
| 092 |
_a372.651 _bF634f |
||
| 100 | 1 | _aFlores Infante, Tania | |
| 245 | 1 | 0 |
_aFrancais 3 / _cTania Flores Infante ; ilustración Ruddy Núñez. |
| 260 |
_aSanto Domingo : _bSantillana, _c2002. |
||
| 300 |
_a103 p. : _bil., maps. y retrs. ; _c28 cm. |
||
| 490 | 1 | _aUmbral | |
| 500 | _aEducación media. 1er. curso / Segundo ciclo | ||
| 505 | 2 | _aDemander de l'aide, du secours -- Exprimer la vocation -- Dire comment on se sent -- Donner son opinion sur l'étape actuelle. | |
| 650 | 4 |
_aFRANCÉS _xENSEÑANZA _vLIBROS DE TEXTO |
|
| 700 | 1 |
_aNúñez, Ruddy, _eil. |
|
| 830 | 0 | _aUmbral | |
| 942 |
_2ddc _cBK |
||
| 956 |
_aDGARCIA _b10 _c20100802 _lBND02 _h1201 |
||
| 956 |
_aBTAVAREZ _b10 _c20100802 _lBND02 _h1426 |
||
| 999 |
_c7963 _d7963 |
||